Logo CIB grande

UN PAVO REAL EN EL REINO DE LOS PINGUINOS: FABULA SOBRE LOS RIESGOS Y POSIBILIDADES DE SER DIFERENTE EN EL MUNDO EMPRESARIAL (Registro nro. 217010)

Detalles MARC
000 -LEADER
campo de control de longitud fija 00863nam a2200277Ia 4500
005 - FECHA Y HORA DE LA ÚLTIMA TRANSACCIÓN
campo de control 20250425161829.0
008 - DATOS DE LONGITUD FIJA--INFORMACIÓN GENERAL
campo de control de longitud fija 250425s9999 xx 000 0 und d
020 ## - NÚMERO INTERNACIONAL ESTÁNDAR DEL LIBRO
Número Internacional Estándar del Libro 9580429456
041 ## - CÓDIGO DE IDIOMA
Código de lengua del texto/banda sonora o título independiente spa
043 ## - CÓDIGO DE ÁREA GEOGRÁFICA
Código de área geográfica ck
082 ## - NÚMERO DE LA CLASIFICACIÓN DECIMAL DEWEY
Número de clasificación 398.21
010 ## - NÚMERO DE CONTROL DE LA BIBLIOTECA DEL CONGRESO
Número de control de LC 31615
100 ## - ENTRADA PRINCIPAL--NOMBRE DE PERSONA
Nombre de persona HATELEY, BARBARA "BJ
245 #0 - MENCIÓN DEL TÍTULO
Título UN PAVO REAL EN EL REINO DE LOS PINGUINOS: FABULA SOBRE LOS RIESGOS Y POSIBILIDADES DE SER DIFERENTE EN EL MUNDO EMPRESARIAL
250 ## - MENCION DE EDICION
Mención de edición S.E.
260 ## - PUBLICACIÓN, DISTRIBUCIÓN, ETC.
Lugar de publicación, distribución, etc. BOGOTA
260 ## - PUBLICACIÓN, DISTRIBUCIÓN, ETC.
Lugar de publicación, distribución, etc. Colombia
Nombre del editor, distribuidor, etc. GRUPO EDITORIAL NORMA S.A.
Fecha de publicación, distribución, etc. 1995
300 ## - DESCRIPCIÓN FÍSICA
Extensión 132
500 ## - NOTA GENERAL
Nota general Título Traducido: A PEACOCK IN THE LAND OF PENGUINS: A TALE OF DIVERSITY AND DISCOVERY
650 ## - PUNTO DE ACCESO ADICIONAL DE MATERIA--TÉRMINO DE MATERIA
Término de materia o nombre geográfico como elemento de entrada CUENTOS
650 ## - PUNTO DE ACCESO ADICIONAL DE MATERIA--TÉRMINO DE MATERIA
Término de materia o nombre geográfico como elemento de entrada LITERATURA
650 ## - PUNTO DE ACCESO ADICIONAL DE MATERIA--TÉRMINO DE MATERIA
Término de materia o nombre geográfico como elemento de entrada NARRACION
700 ## - ENTRADA AGREGADA--NOMBRE PERSONAL
Nombre de persona BEATRIZ CABALLERO Y MARIA DEL MAR RAVASSA
Término indicativo de función/relación traductor
710 ## - ENTRADA AGREGADA--NOMBRE DE ENTIDAD CORPORATIVA
Nombre de entidad corporativa o nombre de jurisdicción como elemento de entrada GRUPO EDITORIAL NORMA S.A.
942 ## - ELEMENTOS DE ENTRADA SECUNDARIOS (KOHA)
Tipo de ítem Koha Libros
Existencias
Estatus retirado Estado de pérdida Estado de daño No para préstamo Biblioteca de origen Biblioteca actual Ubicación en estantería Fecha de adquisición Coste, precio normal de compra Total de préstamos Código de barras Copia número Nota pública
        ESCUELA DE NEGOCIOS ESCUELA DE NEGOCIOS   17/01/2001 5.00   CP-01094 1 COMPRA

Copyright 2025 ESPOL. Todos los derechos reservados.